[Event "Lleida-ch"]
[Site "Bellcaire"]
[Date "2016.11.20"]
[Round "8"]
[White "Montoliu Daroca, Imma"]
[Black "Princep Homedes, Jaume"]
[Result "1-0"]
[WhiteElo "1810"]
[BlackElo "1850"]
[PlyCount "77"]
[EventDate "2016.10.02"]
[EventType "swiss"]
[EventRounds "9"]
[EventCountry "ESP"]
[SourceTitle "EXT 2018"]
[Source "ChessBase"]
[SourceDate "2017.10.13"]
[SourceVersion "1"]
[SourceVersionDate "2017.10.13"]
[SourceQuality "1"]

1. c4 e6 2. Nc3 d5 3. cxd5 exd5 4. Nf3 Nf6 5. g3 c6 6. d4 Bf5 7. Bg2 Bd6 8. Qb3 Qb6 9. Qd1 h6 10. 0-0 0-0 11. Na4 Qb5 12. a3 a5 13. Re1 Nbd7 14. e3 Qd3 15. Qxd3 Bxd3 16. Bd2 b5 17. Nc5 Bxc5 18. dxc5 Nxc5 19. Rac1 Bc4 20. Bf1 Nfe4 21. Rc2 Nb3 22. Bc3 Nxc3 23. Rxc3 Rfe8 24. Rd1 Rab8 25. Bh3 b4 26. axb4 axb4 27. Rc2 c5 28. Bd7 Re7 29. Bc6 Rc7 30. Bxd5 Bxd5 31. Rxd5 Rbc8 32. Ne5 Kf8 33. Nd7+ Ke7 34. Nb6 Rb8 35. Nc4 f6 36. Rd3 Na1 37. Rc1 Ra8 38. Nb6 Ra6 39. Nd5+ 1-0